书目信息 |
| 题名: |
教育创新与课堂优化设计
|
|
| 作者: | 张素文 主编 | |
| 分册: | ||
| 出版信息: | 广州 广东世界图书出版公司 2011 |
|
| 页数: | 180页 | |
| 开本: | 23cm | |
| 丛书名: | 教师专业发展丛书 | |
| 单 册: | ||
| 中图分类: | G632.0 , G632.421 | |
| 科图分类: | ||
| 主题词: | 中小学--教育改革--研究 , 中小学--课堂教学--教学研究 , 中小学 , 教育改革 , 课堂教学 , 教学研究 | |
| 电子资源: | ||
| ISBN: | 978-7-5100-3354-4 | |
| 000 | 01000oam2 2200313 450 | |
| 001 | 5583 | |
| 005 | 20180528212057.04 | |
| 010 | @a978-7-5100-3354-4@dCNY25.80 | |
| 100 | @a20120504d2011 em y0chiy50 ea | |
| 101 | 0 | @achi |
| 102 | @aCN@b440000 | |
| 105 | @ay z 000yy | |
| 200 | 1 | @a教育创新与课堂优化设计@9jiao yu chuang xin yu ke tang you hua she ji@f张素文[主编]@g本书编写组编著 |
| 210 | @a广州@c广东世界图书出版公司@d2011 | |
| 215 | @a180页@d23cm | |
| 225 | 1 | @a教师专业发展丛书@f王立群,周作宇主编 |
| 330 | @a本书提供了关于教育创新和课堂优化设计一系列的方法和技巧,从不同角度阐述如何把死板的教学变得更加鲜活。 | |
| 461 | 0 | @12001 @a教师专业发展丛书 |
| 606 | 0 | @a中小学@x教育改革@x研究 |
| 606 | 0 | @a中小学@x课堂教学@x教学研究 |
| 606 | 0 | @a中小学 |
| 606 | 0 | @a教育改革 |
| 606 | 0 | @a课堂教学 |
| 606 | 0 | @a教学研究 |
| 690 | @aG632.0@v5 | |
| 690 | @aG632.421@v5 | |
| 701 | 0 | @a张素文@9zhang su wen@4主编 |
| 801 | 0 | @aCN@b91MARC@c20130904 |
| 905 | @aMuseLib@dG632.0@e539 | |
| 教育创新与课堂优化设计/张素文[主编]/本书编写组编著.-广州:广东世界图书出版公司,2011 |
| 180页;23cm.-(教师专业发展丛书/王立群,周作宇主编) |
| ISBN 978-7-5100-3354-4:CNY25.80 |
| 本书提供了关于教育创新和课堂优化设计一系列的方法和技巧,从不同角度阐述如何把死板的教学变得更加鲜活。 |
| ● |
| 相关链接 |
|
|
|
|
正题名:教育创新与课堂优化设计
索取号:G632.0/539
 
预约/预借
| 序号 | 登录号 | 条形码 | 馆藏地/架位号 | 状态 | 备注 |
| 1 | 1113863 | 211138632 | 第一样本阅览室/ [索取号:G632.0/539] | 在馆 | |
| 2 | 1113864 | 211138641 | 教育系资料室/ [索取号:G632.0/539] | 在馆 | |
| 3 | 1113865 | 211138650 | 教育系资料室/ [索取号:G632.0/539] | 在馆 | |
| 4 | 1113866 | 211138669 | 第四借阅区/ [索取号:G632.0/539] | 在馆 |